Catalog

Record Details

Catalog Search



Available copies

  • 1 of 1 copy available at LARL/NWRL Consortium.
  • 1 of 1 copy available at Lake Agassiz Regional Library. (Show preferred library)

Current holds

0 current holds with 1 total copy.

Show Only Available Copies
Location Call Number / Copy Notes Barcode Shelving Location Status Due Date
Moorhead Public Library WAS (Text) 33500013524970 Main Available -

Record details

  • ISBN: 9781542032186
  • ISBN: 1542032180
  • Physical Description: 365 pages ; 22 cm
  • Edition: First edition.
  • Publisher: New York : Little A, [2022]

Content descriptions

Summary, etc.:
"Amanda Jackson has always longed to be a mother. ... Read More
Subject: Pseudocyesis > Fiction.
Marriage > Fiction.
Neuroscientists > Fiction.
Physician and patient > Fiction.
Miscarriage > Psychological aspects > Fiction.
Grief > Fiction.
Marriage.
Neuroscientists.
Pseudocyesis.
Genre: Psychological fiction.
Fiction.
LDR 02475cam a2200433 i 4500
001380626
003LARL_NWRL_CONSORTIUM
00520220120161332.0
008211018t20222022nyu 000 f eng d
040 . ‡aTOH ‡beng ‡erda ‡cTOH ‡dAPL ‡dIUK ‡dBDX ‡dOCLCF ‡dUAP
020 . ‡a9781542032186 ‡q(hardcover)
020 . ‡a1542032180 ‡q(hardcover)
035 . ‡a(OCoLC)1281675630
08204. ‡a[Fic] ‡223
1001 . ‡aWashington, C. J., ‡eauthor.
24514. ‡aThe intangible / ‡cC. J. Washington.
250 . ‡aFirst edition.
264 1. ‡aNew York : ‡bLittle A, ‡c[2022]
264 4. ‡c©2022
300 . ‡a365 pages ; ‡c22 cm
336 . ‡atext ‡btxt ‡2rdacontent
337 . ‡aunmediated ‡bn ‡2rdamedia
338 . ‡avolume ‡bnc ‡2rdacarrier
520 . ‡a"Amanda Jackson has always longed to be a mother. The early weeks of her first pregnancy are a mixture of joy, anticipation, and uncertainty as she and her husband prepare for the journey ahead. Then comes a devastating loss. Even though her doctors tell her otherwise, Amanda believes she's still pregnant. Her diagnosis is a rare, mysterious condition called pseudocyesis. Betrayed by her mind and body and her marriage strained, Amanda turns to neuroscientist Patrick Davis for answers. Patrick understands the strange twists and turns of the human mind better than anyone. But as he spirals ever deeper into Amanda's illness, his own homelife crumbles as his wife, Marissa, struggles to cope with her own loss. Marissa's unique and, some may think, macabre work is her salvation, but it's pulling her further and further away from Patrick. As the two couples confront the fraught intersection of science, death, and human emotion, they venture into the darkest corners of each other's lives. What they find there could change them forever"--Book jacket flap.
650 0. ‡aPseudocyesis ‡vFiction.
650 0. ‡aMarriage ‡vFiction. ‡0(LARL_NWRL_CONSORTIUM)166003
650 0. ‡aNeuroscientists ‡vFiction.
650 0. ‡aPhysician and patient ‡vFiction. ‡0(LARL_NWRL_CONSORTIUM)174078
650 0. ‡aMiscarriage ‡xPsychological aspects ‡vFiction.
650 0. ‡aGrief ‡vFiction. ‡0(LARL_NWRL_CONSORTIUM)165491
650 7. ‡aMarriage. ‡2fast ‡0(LARL_NWRL_CONSORTIUM)25135
650 7. ‡aNeuroscientists. ‡2fast
650 7. ‡aPseudocyesis. ‡2fast
655 7. ‡aPsychological fiction. ‡2lcgft
655 7. ‡aFiction. ‡2fast
901 . ‡a380626 ‡bOCoLC ‡c380626 ‡tbiblio ‡soclc

Additional Resources